[Event "BCF-chT2b 1516 (4NCL)"]
[Site "England"]
[Date "2016.02.13"]
[Round "5.27"]
[White "Fry, Charles"]
[Black "Frostick, Clive A"]
[Result "1/2-1/2"]
[WhiteElo "2093"]
[BlackElo "2175"]
[PlyCount "25"]
[EventDate "2015.11.14"]
[EventType "team-tourn"]
[EventRounds "7"]
[EventCountry "ENG"]
[SourceTitle "CBM 170 Extra"]
[Source "ChessBase"]
[SourceDate "2016.02.25"]
[SourceVersion "1"]
[SourceVersionDate "2016.02.25"]
[SourceQuality "1"]
[WhiteTeam "Downend & Fishponds"]
[BlackTeam "BCM Dragons"]
[WhiteTeamCountry "ENG"]
[BlackTeamCountry "ENG"]

1. e4 c5 2. Nf3 Nf6 3. Nc3 Nc6 4. d4 d5 5. exd5 Nxd5 6. Nxd5 Qxd5 7. Be3 cxd4 8. Nxd4 Bd7 9. Nxc6 Qxc6 10. Qd2 e5 11. Rd1 Be7 12. Bc4 Be6 13. Bxe6 1/2-1/2

[Event "BCF-chT2b 1516 (4NCL)"]
[Site "England"]
[Date "2016.01.24"]
[Round "4.9"]
[White "Fry, Charles"]
[Black "Gordon Brown, Alexander"]
[Result "1/2-1/2"]
[WhiteElo "2093"]
[BlackElo "2043"]
[PlyCount "116"]
[EventDate "2015.11.14"]
[EventType "team-tourn"]
[EventRounds "7"]
[EventCountry "ENG"]
[SourceTitle "CBM 170 Extra"]
[Source "ChessBase"]
[SourceDate "2016.02.25"]
[SourceVersion "1"]
[SourceVersionDate "2016.02.25"]
[SourceQuality "1"]
[WhiteTeam "Downend & Fishponds"]
[BlackTeam "Cambridge II"]
[WhiteTeamCountry "ENG"]
[BlackTeamCountry "ENG"]

1. e4 e6 2. d4 d5 3. Nc3 Nf6 4. Bg5 dxe4 5. Nxe4 Be7 6. Bxf6 gxf6 7. Nf3 Nd7 8. g3 a6 9. Bg2 b5 10. Nfd2 Rb8 11. Nb3 Bb7 12. 0-0 Bd5 13. Re1 c6 14. Qh5 f5 15. Nd6+ Bxd6 16. Bxd5 cxd5 17. Rxe6+ Be7 18. Rae1 Rb6 19. Rxe7+ Qxe7 20. Rxe7+ Kxe7 21. Qxf5 Nf6 22. Nc5 Rg8 23. h3 Rg6 24. g4 Kf8 25. g5 Rd6 26. h4 h6 27. f4 hxg5 28. hxg5 Nh5 29. Kf2 Rd8 30. Nd7+ Rxd7 31. Qxd7 Nxf4 32. Ke3 Ne6 33. Qc8+ Kg7 34. Qxa6 Nxd4 35. Qxg6+ Kxg6 36. Kxd4 Kxg5 37. Kxd5 f5 38. a4 bxa4 39. c4 f4 40. Ke4 Kg4 41. c5 f3 42. c6 f2 43. c7 f1Q 44. c8Q+ Kg3 45. Qc7+ Kg4 46. Qd7+ Kg5 47. Qg7+ Kh5 48. Qc3 Qd1 49. Qd4 Qc2+ 50. Ke5 Qb3 51. Kd6 Kg6 52. Kc6 Kf7 53. Qf4+ Ke6 54. Qe4+ Kf6 55. Qd4+ Kf7 56. Qf4+ Ke6 57. Qe4+ Kf6 58. Qd4+ Kf7 1/2-1/2